000 00535nam a2200205Ia 4500
003 OSt
005 20220926044836.0
006 a|||||r|||| 00| 0
007 ta
008 220923b |||||||| |||| 00| 0 eng d
037 _cGeneral Book
040 _aRTL
_cRTL
_beng
041 _2eng
_aeng
082 _aX9.2s N63, K5
245 0 _aAnnual Survey of industries 1963, 1964, 1965
_b General review.
260 _c1965
300 _a234p.
_ccm.
942 _hX9.2s N63, K5
_cGB
_2CC
999 _c675934
_d675934